| 000 | 00680nam a2200217Ia 4500 | ||
|---|---|---|---|
| 005 | 20230706134440.0 | ||
| 008 | 131103s9999 xx 000 0 und d | ||
| 020 |
_a198540396 _cRs.1500 |
||
| 040 | _aLoreto College | ||
| 041 | _aEnglish | ||
| 082 |
_a550 _bHAN |
||
| 245 | 4 |
_aThe Oxford companion to the earth _cEdited by Paul L.Hancock and Brian J.Skinner |
|
| 260 |
_aOxford _bOxford University Press _c2000 |
||
| 300 |
_ax,1174 p. _b illus.,charts,dia,fig.,tables |
||
| 504 | _aIncludes bibliography,appendix,abbreviation,thematic List,index, | ||
| 650 | _aEarth Sciences | ||
| 651 | _aEarth Sciences | ||
| 700 | _aHancock,Paul L.,ed | ||
| 850 | _aLCLIB | ||
| 942 | _cBK | ||
| 999 |
_c12492 _d62971 |
||